000 00366nab a22001097u 4500
008 130520b2006 xxu||||| |||| 00| 0 spa d
041 _aspa
100 1 _aOhlig, Karl-Heinz
_925121
245 0 0 _aLa muerte y su "superación" religiosa en la historia de la humanidad
_cKarl-Heinz Ohlig
773 0 _tConcilium
_gnº318,2006,págs. 15-26
_x0210-1041
_wRev134
942 _cAR
999 _c379589
_d379589